<?xml version="1.0" encoding="UTF-8"?>
<record
    xmlns:xsi="http://www.w3.org/2001/XMLSchema-instance"
    xsi:schemaLocation="http://www.loc.gov/MARC21/slim http://www.loc.gov/standards/marcxml/schema/MARC21slim.xsd"
    xmlns="http://www.loc.gov/MARC21/slim">

  <leader>01184njm a22002777a 4500</leader>
  <controlfield tag="005">20100830154157.0</controlfield>
  <controlfield tag="007">sd ammalaaahaa</controlfield>
  <controlfield tag="008">100830t        xxu||||| |||| 00| 0 eng d</controlfield>
  <datafield tag="028" ind1=" " ind2=" ">
    <subfield code="a">H.1266</subfield>
    <subfield code="b">Hinduthan Record</subfield>
  </datafield>
  <datafield tag="028" ind1=" " ind2=" ">
    <subfield code="a">HSB.2484</subfield>
    <subfield code="b">Hindusthan Record</subfield>
  </datafield>
  <datafield tag="028" ind1=" " ind2=" ">
    <subfield code="a">HSB.2499</subfield>
    <subfield code="b">Hindusthan Record</subfield>
  </datafield>
  <datafield tag="035" ind1=" " ind2=" ">
    <subfield code="a">GR-00075</subfield>
  </datafield>
  <datafield tag="040" ind1=" " ind2=" ">
    <subfield code="a">SED/VEN</subfield>
  </datafield>
  <datafield tag="100" ind1=" " ind2=" ">
    <subfield code="a">Saigal, K. L.</subfield>
    <subfield code="9">17758</subfield>
  </datafield>
  <datafield tag="245" ind1=" " ind2=" ">
    <subfield code="a">Mein unehin chherun aur vo kucch na kahen gazal part 1</subfield>
    <subfield code="c">by K. L. Saigal; Comp by Seemab Akberabadi</subfield>
    <subfield code="h">[sound recording] :</subfield>
  </datafield>
  <datafield tag="246" ind1=" " ind2=" ">
    <subfield code="a">&#x92E;&#x948;&#x902;  &#x909;&#x928;&#x94D;&#x939;&#x947;&#x902; &#x91B;&#x947;&#x930;&#x942;&#x902;  &#x914;&#x930;  &#x935;&#x94B; &#x915;&#x941;&#x91B;  &#x928; &#x915;&#x939;&#x947;&#x902; (&#x915;. &#x932;. &#x938;&#x948;&#x917;&#x932;)</subfield>
  </datafield>
  <datafield tag="260" ind1=" " ind2=" ">
    <subfield code="a">Dum Dum India</subfield>
    <subfield code="b">Hindusthan Record</subfield>
  </datafield>
  <datafield tag="300" ind1=" " ind2=" ">
    <subfield code="a">1 sound disc [ gramophone record]</subfield>
    <subfield code="b">analog, 33 /3 rpm</subfield>
    <subfield code="c">10 in</subfield>
    <subfield code="f">Gramophone Record</subfield>
  </datafield>
  <datafield tag="500" ind1=" " ind2=" ">
    <subfield code="a">Brief record.</subfield>
  </datafield>
  <datafield tag="505" ind1=" " ind2=" ">
    <subfield code="a">Ab kya batayaun  mein (&#x905;&#x92C;  &#x915;&#x94D;&#x92F;&#x93E;  &#x92C;&#x924;&#x93E;&#x90A;&#x901; &#x92E;&#x948;&#x902;) &#x92A;&#x93E;&#x930;&#x94D;&#x91F; 2</subfield>
  </datafield>
  <datafield tag="650" ind1=" " ind2=" ">
    <subfield code="a">Classical music</subfield>
    <subfield code="x">Excerpts</subfield>
    <subfield code="z">India</subfield>
    <subfield code="9">17759</subfield>
  </datafield>
  <datafield tag="700" ind1=" " ind2=" ">
    <subfield code="a">Seemab Akberabadi</subfield>
    <subfield code="9">17580</subfield>
  </datafield>
  <datafield tag="700" ind1=" " ind2=" ">
    <subfield code="a">Seemab Akberabadi</subfield>
    <subfield code="9">17581</subfield>
  </datafield>
  <datafield tag="942" ind1=" " ind2=" ">
    <subfield code="2">ddc</subfield>
    <subfield code="c">GR</subfield>
  </datafield>
  <datafield tag="999" ind1=" " ind2=" ">
    <subfield code="c">43167</subfield>
    <subfield code="d">43167</subfield>
  </datafield>
  <datafield tag="952" ind1=" " ind2=" ">
    <subfield code="0">0</subfield>
    <subfield code="1">0</subfield>
    <subfield code="2">ddc</subfield>
    <subfield code="4">0</subfield>
    <subfield code="7">0</subfield>
    <subfield code="a">L</subfield>
    <subfield code="b">L</subfield>
    <subfield code="d">2010-08-31</subfield>
    <subfield code="l">0</subfield>
    <subfield code="p">GR-00075</subfield>
    <subfield code="r">2010-08-31 00:00:00</subfield>
    <subfield code="w">2010-08-31</subfield>
    <subfield code="y">GR</subfield>
  </datafield>
</record>
